00305nam a2200085Ia 4500008004100000100002600041245008500067260005300152300001400205180205s9999 xx 000 0 und d aAlbert, Jose Ramon G. aTeaching guide for senior high school statistics and probability :bcore subject aQuezon CitybCommision on higher educationc2016 a422 pages